Alle Länder, die auf -stan enden - Statistiken

Allgemein
  • Dieses Quiz wurde 94 mal gespielt
  • Das Durchschnittsergebnis liegt bei 6 aus 7
Antwortstatistiken
Antwort % Korrekt
Usbekistan
94%
Pakistan
91%
Turkmenistan
90%
Afghanistan
86%
Tadschikistan
85%
Kasachstan
84%
Kirgisistan
70%
Keine übereinstimmenden Quizze gefunden
Verteilung der Resultate
Anzahl Personen mit jedem Resultat
Perzentil nach korrekt beantworteten Fragen
Ihre Resultats-Entwicklung
Sie haben dieses Quiz noch nicht gespielt